000 00471nam a2200193Ia 4500
005 20250603144606.0
008 250603s9999 xx 000 0 und d
020 _a978-0-273-71463-7
050 _aHD 38.15 .P44/
100 _aPeeling, Nic
245 0 _aBrilliant manager : what the managers know,do and say
250 _a2nd ed.
260 _aLondon
260 _bPearson Prentice Hall
260 _c2008
300 _a207 p
650 _aLondon
942 _cBK
999 _c39377
_d39377